000 00528ntaaa2200205 4500
003 01
005 20251027202352.0
008 0714s1973 ag 01
040 _aAR-BaBN
_bspa
_cAR-BaBN
_eaacr
_dRIC
082 _a282.0000 M11
100 _aMacaulay, J.C.
_911654
245 _aThe Bible and the Roman Church
250 _a1 ed.
260 _aChicago :
_bMoody Press,
_c1946
300 _a125 p
650 _aCatólicos Romanos
_922406
650 _aIglesia romana y la Biblia
_922407
650 _aapologética
942 _cBK
999 _c18611
_d18611